02130nam a22003257a 4500001000700000003000900007005001700016007000700033008003100040020001500071040002200086082002900108092000900137100003800146245004000184250000600224260005500230300002200285500005600307520086600363586004901229650002001278650002401298910004001322942001201362952013701374952014201511952013401653999001701787000371DO-SdBNP20240416114035.0000371160707b 2006 ms || 00| 0 spa d a9707704624 aBPMSUbspacBPMSU 4aPe863.5bR666a, 2006222 a b 1 aRoncagliolo, Santiago,d1975-91810aAbril rojo /cSantiago Roncagliolo. a  aMéxico :bEdiciones Generales Santillana, c2006 a328 p. ; c26 cm. aIncluye datos biográficos del autor en la solapa. aSiempre quise escribir un thriller, es decir, un policial sangriento con asesinos en serie y crímenes monstruosos. Y encontré los elementos necesarios en la historia de mi país, Perú: una zona de guerra, una celebración de la muerte como la Semana Santa, una ciudad poblada de fantasmas. ¿Se puede pedir más? El investigador de los asesinatos es el fiscal distrital adjunto Félix Chacaltana Saldívar. A él le gusta que lo llamen así, con su título y todo. El fiscal Chacaltana nunca ha hecho nada malo, nunca ha hecho nada bueno, nunca ha hecho nada que no estuviese claramente estipulado en los reglamentos de su institución. Pero ahora va a conocer el horror. Y el horror no ha leído el Código Civil. Siempre quise escribir una novela sobre lo que ocurre cuando la muerte se convierte en la única forma de vida. Y aquí está. a"Premio Alfaguara de Novela 2006"--Cubierta  4aNovela peruana  4aLiteratura peruana  aVMateo V. Control de calidad. BPMSU 2ddccBK 00102ddc40708CGaBPMETbBPMETd2016-07-07eALFAGUARAl0oBPMSU CG Pe863.5 R666a, 2006pBPMSU16080196r2016-07-07w2016-07-07yBK 00102ddc40708CGaBPMETbBPMETd2016-07-07eALFAGUARAl0oBPMSU CG Pe863.5 R666a, 2006pBPMSU16070219r2016-07-07te.2w2016-07-07yBK 00102ddc40708CGaBPMETbBPMETd2016-07-07eALFAGUARAl0oPe863.5 R666a, 2006pBPMSU16070220r2016-07-07te. 3w2016-07-07yBK c10758d10758